00909 2200325 4500001002100000005001500021035002000036007000300056040001600059100002900075245007100104250001300175300004500188020001800233041000800251082001000259084001600269090002400285264003800309336002100347337003000368338002300398650002300421850001000444008004100454504002500495990002100520990002100541990002100562INLIS00000000000453620260525110559 a0010-0122000168ta aSBUPADbind0 aSave M. DagunePengarang1 aPsikologi Keluarga :bPeranan Ayah dalam Keluarga /cSave M. Dagun a.-Cet. 2 axii, 169 hal :billus. ;c14,5 x 20,5 cm a979-518-149-11 aind a150.3 a150.3 SAV p a150.1 BOE g L 4 R 3 a.--Jakarta :bRineka Cipta,c2002 2rdacontentaTeks 2rdamediaaTanpa Perantara 2rdacarrieravolume 4aPsikologi Keluarga aPUPAD260525 0  abibliografi, hlm 167 a913/BR/KAPD-2011 a911/BR/KAPD-2011 a912/BR/KAPD-2011